Translation of the Holy Quran (Record no. 4651)
[ view plain ]
| 000 -LEADER | |
|---|---|
| fixed length control field | 00586nam a2200229 a 4500 |
| 020 ## - INTERNATIONAL STANDARD BOOK NUMBER | |
| ISBN | |
| 082 00 - DEWEY DECIMAL CLASSIFICATION NUMBER | |
| Classification number | 297.122521 |
| Author Cutter | SAR |
| 100 ## - MAIN ENTRY--AUTHOR NAME | |
| Author name | Sarwar, A H Ghulam |
| 245 ## - TITLE STATEMENT | |
| Title | Translation of the Holy Quran |
| 260 ## - PUBLICATION, DISTRIBUTION, ETC. (IMPRINT) | |
| Place of publication | Singapore |
| Name of publisher | Al-Haj Hafiz Ghulam Sarwar |
| Year of publication | 1930 |
| 300 ## - PHYSICAL DESCRIPTION | |
| Number of Pages | 377p |
| 500 ## - GENERAL NOTE | |
| General note | includes index and biblioraphy |
| 650 ## - SUBJECT ADDED ENTRY--TOPICAL TERM | |
| Topical Term | Quran-Translation-English |
| 942 ## - ADDED ENTRY ELEMENTS (KOHA) | |
| Koha item type | Books |
| 700 1# - | |
| -- | Sarwar, A H Ghulam |
| Collection code | Home library | Current library | Date acquired | Cost, normal purchase price | Full call number | Accession Number | Koha item type |
|---|---|---|---|---|---|---|---|
| Henry Martyn Institute Library | Henry Martyn Institute Library | 08/24/2007 | 25.00 | 297.122521 SAR | 09921 | Books |
